[Event "FRA-ch U18"]
[Site "Nimes"]
[Date "2012.04.15"]
[Round "3"]
[White "Sochacki, Christophe"]
[Black "Ane, Cedric"]
[Result "1-0"]
[WhiteElo "2407"]
[BlackElo "2120"]
[PlyCount "49"]
[EventDate "2012.04.14"]
[EventType "swiss"]
[EventRounds "9"]
[EventCountry "FRA"]
[SourceTitle "CBM 148 Extra"]
[Source "ChessBase"]
[SourceDate "2012.06.22"]
[SourceVersion "1"]
[SourceVersionDate "2012.06.22"]
[SourceQuality "1"]

1. e4 c5 2. Nf3 Nc6 3. b4 cxb4 4. d4 d5 5. exd5 Qxd5 6. c4 Qe4+ 7. Be2 e6 8. 0-0 Nf6 9. Re1 Be7 10. Bd3 Qg4 11. Bb2 0-0 12. Qc2 Qh5 13. Nbd2 h6 14. Re3 Rd8 15. Rae1 Qa5 16. d5 Nb8 17. Nd4 e5 18. N4b3 Qa4 19. Bxe5 Bd6 20. Be2 a6 21. c5 Bf8 22. d6 Nc6 23. Bc4 Na5 24. Nxa5 Qxa5 25. Nb3 1-0

[Event "FRA-ch U16"]
[Site "Aix les Bains"]
[Date "2009.04.21"]
[Round "4"]
[White "Ane, Cedric"]
[Black "Sochacki, Christophe"]
[Result "0-1"]
[WhiteElo "2060"]
[BlackElo "2250"]
[PlyCount "130"]
[EventDate "2009.04.19"]
[EventType "swiss"]
[EventRounds "9"]
[EventCountry "FRA"]
[SourceTitle "CBM 130 Extra"]
[Source "ChessBase"]
[SourceDate "2009.07.02"]
[SourceVersion "2"]
[SourceVersionDate "2009.07.15"]
[SourceQuality "1"]

1. e4 c5 2. Nf3 d6 3. c3 Nf6 4. h3 Bd7 5. Bd3 Bc6 6. Qe2 Nh5 7. Bc2 Nf4 8. Qf1 d5 9. d3 Qc7 10. g3 Nxd3+ 11. Qxd3 dxe4 12. Qe3 exf3 13. 0-0 e6 14. Nd2 Nd7 15. Be4 Bd6 16. Qxf3 Ne5 17. Bxc6+ Qxc6 18. Qxc6+ Nxc6 19. Ne4 Be7 20. Be3 b6 21. Rad1 Rd8 22. Rxd8+ Kxd8 23. g4 Kc8 24. Bg5 Rd8 25. Bxe7 Nxe7 26. f4 f6 27. Kg2 Rd3 28. Ng3 Nd5 29. Rf2 Kd7 30. g5 Ke7 31. Nf1 b5 32. Ng3 Re3 33. Nh5 Kf7 34. gxf6 g6 35. Ng3 Kxf6 36. Rf1 Ke7 37. Rf2 a5 38. Nf1 Re1 39. Nd2 Ne3+ 40. Kg3 c4 41. Nf3 Rb1 42. Nd4 Nf5+ 43. Nxf5+ gxf5 44. a3 Rd1 45. Re2 Rd5 46. Kh4 Kf6 47. Kh5 Rd3 48. h4 Rf3 49. Re5 Rxf4 50. Rxb5 Rf2 51. Rxa5 Rxb2 52. Rc5 Ra2 53. Rxc4 Rxa3 54. Rc7 Ra4 55. c4 Rb4 56. c5 Rc4 57. c6 e5 58. Rxh7 e4 59. Rh6+ Ke5 60. Kg5 e3 61. Rh7 Rxc6 62. Rf7 e2 63. Rxf5+ Kd6 64. Rf6+ Kd7 65. Rf7+ Ke8 0-1

[Event "FRA-ch op-A"]
[Site "Pau"]
[Date "2008.08.21"]
[Round "9"]
[White "Ane, Cedric"]
[Black "Blachon, Pascal"]
[Result "1-0"]
[WhiteElo "2033"]
[BlackElo "2118"]
[PlyCount "95"]
[EventDate "2008.08.11"]
[EventType "swiss"]
[EventRounds "9"]
[EventCountry "FRA"]
[SourceTitle "CBM 126 Extra"]
[Source "ChessBase"]
[SourceDate "2008.11.05"]
[SourceVersion "1"]
[SourceVersionDate "2008.11.05"]
[SourceQuality "1"]

1. e4 e6 2. d4 d5 3. Nd2 Nf6 4. e5 Nfd7 5. Bd3 c5 6. c3 Nc6 7. Ndf3 Be7 8. Nh3 b6 9. 0-0 Qc7 10. a3 Bb7 11. b4 c4 12. Bc2 0-0-0 13. Nfg5 Bxg5 14. Nxg5 Nf8 15. Qg4 Kb8 16. Re1 Ka8 17. Re3 h6 18. Qh5 g6 19. Qh3 Rd7 20. Bd2 Nd8 21. Rg3 h5 22. b5 Nh7 23. Nf3 Bc8 24. Qh4 Nb7 25. Bg5 Rg8 26. Nd2 Nxg5 27. Qxg5 Qd8 28. Nf3 Kb8 29. Qxd8 Rdxd8 30. Ng5 Rg7 31. Rf3 Rf8 32. Rf6 Kc7 33. Re1 Kd8 34. Re3 Ke7 35. h3 Nd8 36. Kf1 a6 37. bxa6 Bxa6 38. g4 h4 39. f4 Nc6 40. Nf3 Nb8 41. f5 Nd7 42. fxe6 fxe6 43. Rxg6 Rgf7 44. Ke2 Bb5 45. a4 Bc6 46. Ng5 Rf2+ 47. Kd1 Nc5 48. dxc5 1-0

[Event "FRA-ch op-A"]
[Site "Pau"]
[Date "2008.08.17"]
[Round "6"]
[White "Ane, Cedric"]
[Black "Neri, Jean Baptiste"]
[Result "1/2-1/2"]
[WhiteElo "2033"]
[BlackElo "1928"]
[PlyCount "130"]
[EventDate "2008.08.11"]
[EventType "swiss"]
[EventRounds "9"]
[EventCountry "FRA"]
[SourceTitle "CBM 126 Extra"]
[Source "ChessBase"]
[SourceDate "2008.11.05"]
[SourceVersion "1"]
[SourceVersionDate "2008.11.05"]
[SourceQuality "1"]

1. e4 c5 2. Nf3 d6 3. c3 Nf6 4. h3 Nc6 5. Bd3 g6 6. 0-0 Bg7 7. Re1 0-0 8. Bc2 e5 9. d4 exd4 10. cxd4 Re8 11. dxc5 dxc5 12. Nc3 Be6 13. Bf4 Qa5 14. Qe2 Nb4 15. Bb1 a6 16. a3 Nc6 17. Be3 Red8 18. Ba2 Bxa2 19. Rxa2 Nd4 20. Bxd4 cxd4 21. b4 Qc7 22. Nb1 d3 23. Qe3 Nh5 24. g3 Qc4 25. Rd2 Bd4 26. Nxd4 Rxd4 27. e5 Ng7 28. Qf3 Qd5 29. Qxd5 Rxd5 30. Nc3 Rd4 31. Red1 Rad8 32. Na4 a5 33. Nc5 axb4 34. axb4 Rxb4 35. Rxd3 Rxd3 36. Rxd3 Nf5 37. Rd8+ Kg7 38. Rd7 Rb5 39. Ne6+ Kh6 40. Nf8 Kg7 41. Ne6+ Kh6 42. Nd8 g5 43. Nxf7+ Kg6 44. Nh8+ Kh6 45. e6 Rb1+ 46. Kg2 Re1 47. Rxb7 Rxe6 48. Nf7+ Kg6 49. Nxg5 Kxg5 50. Rxh7 Ne7 51. Rh4 Re2 52. Rg4+ Kf5 53. Rf4+ Kg5 54. h4+ Kh6 55. Kf3 Ra2 56. Re4 Ng6 57. Re2 Ra4 58. Re6 Kh5 59. Rf6 Nxh4+ 60. gxh4 Rxh4 61. Rf4 Rh3+ 62. Ke4 Ra3 63. Rf8 Kg6 64. f4 Ra4+ 65. Kf3 Ra1 1/2-1/2

[Event "FRA-ch op-A"]
[Site "Pau"]
[Date "2008.08.12"]
[Round "1"]
[White "Derieux, Christian"]
[Black "Ane, Cedric"]
[Result "1-0"]
[WhiteElo "2149"]
[BlackElo "2033"]
[PlyCount "113"]
[EventDate "2008.08.11"]
[EventType "swiss"]
[EventRounds "9"]
[EventCountry "FRA"]
[SourceTitle "CBM 126 Extra"]
[Source "ChessBase"]
[SourceDate "2008.11.05"]
[SourceVersion "1"]
[SourceVersionDate "2008.11.05"]
[SourceQuality "1"]

1. d4 Nf6 2. c4 e6 3. Nc3 d5 4. cxd5 exd5 5. Bg5 Be7 6. e3 h6 7. Bh4 0-0 8. Qc2 b6 9. Bd3 Bb7 10. Nge2 Nbd7 11. f3 c5 12. 0-0 Re8 13. Rae1 a6 14. Kh1 Qc7 15. Bf2 Bd6 16. Ng3 Rac8 17. Nf5 cxd4 18. exd4 Bf8 19. Qd2 Qd8 20. g4 Nh7 21. Bh4 g5 22. Bg3 Ndf6 23. Be5 Rc6 24. h4 b5 25. Re2 b4 26. Nd1 Nd7 27. Bg3 Rxe2 28. Qxe2 Re6 29. Qh2 Qb6 30. Re1 a5 31. Be5 Ba6 32. Qc2 Bxd3 33. Qxd3 f6 34. Bg3 Bg7 35. Nde3 gxh4 36. Bxh4 Ng5 37. Nxg7 Kxg7 38. Nf5+ Kf8 39. Nxh6 Qa6 40. Qxa6 Rxa6 41. Bxg5 fxg5 42. Nf5 Rc6 43. Re2 a4 44. Kg2 b3 45. axb3 axb3 46. Kf2 Nb6 47. Ne3 Rc1 48. Re1 Rc6 49. Re2 Rc1 50. Re1 Rc6 51. Kg3 Re6 52. Ng2 Rc6 53. Re3 Rc2 54. Rxb3 Nc4 55. Ne3 Rd2 56. Nxc4 dxc4 57. Rb4 1-0

[Event "Pontoise op"]
[Site "Pontoise"]
[Date "2006.03.25"]
[Round "3"]
[White "Chamaillard, Sylvain"]
[Black "Ane, Cedric"]
[Result "1-0"]
[WhiteElo "2134"]
[BlackElo "1810"]
[PlyCount "121"]
[EventDate "2006.03.25"]
[EventType "swiss (rapid)"]
[EventRounds "10"]
[EventCountry "FRA"]
[SourceTitle "EXT 2007"]
[Source "ChessBase"]
[SourceDate "2006.11.23"]
[SourceVersion "1"]
[SourceVersionDate "2006.11.23"]
[SourceQuality "1"]

1. d4 Nf6 2. Nf3 d5 3. e3 e6 4. Bd3 Nbd7 5. Nbd2 c5 6. c3 Bd6 7. 0-0 0-0 8. e4 e5 9. dxe5 Nxe5 10. Nxe5 Bxe5 11. exd5 Qxd5 12. Nf3 Kh8 13. Nxe5 Qxe5 14. Re1 Qd6 15. Bc4 Qxd1 16. Rxd1 Be6 17. Bxe6 fxe6 18. Bg5 Rad8 19. f3 Kg8 20. c4 Kf7 21. Kf2 h6 22. Bf4 Ke7 23. Ke3 Nh5 24. Be5 Nf6 25. b3 g6 26. g4 Rd7 27. Rxd7+ Nxd7 28. Bg7 Rf7 29. Bxh6 Ne5 30. Bg5+ Kd7 31. Rd1+ Kc6 32. Bf4 Rd7 33. Rxd7 Nxd7 34. h4 e5 35. Bg5 Kd6 36. h5 gxh5 37. gxh5 Ke6 38. Ke4 Nf8 39. a3 a6 40. Be3 Nh7 41. h6 Nf6+ 42. Kd3 b6 43. Bg5 Kf5 44. Bxf6 Kxf6 45. Ke4 Kg6 46. Kxe5 Kxh6 47. Kd6 Kg5 48. Kc6 Kf4 49. Kxb6 Kxf3 50. Kxc5 Ke4 51. b4 Kd3 52. a4 Kc3 53. b5 axb5 54. axb5 Kb3 55. b6 Kc3 56. b7 Kd3 57. b8Q Kc3 58. Qb1 Kd2 59. Kd4 Ke2 60. Qf5 Kd2 61. Qf2+ 1-0

[Event "FRA-chT U20"]
[Site "Pau"]
[Date "2005.12.18"]
[Round "4"]
[White "Anres, Pierre"]
[Black "Ane, Cedric"]
[Result "0-1"]
[WhiteElo "1450"]
[BlackElo "1760"]
[PlyCount "96"]
[EventDate "2005.12.??"]
[EventType "team"]
[EventRounds "11"]
[EventCountry "FRA"]
[SourceTitle "EXT 2007"]
[Source "ChessBase"]
[SourceDate "2006.11.23"]
[SourceVersion "1"]
[SourceVersionDate "2006.11.23"]
[SourceQuality "1"]
[WhiteTeam "Pau"]
[BlackTeam "Clichy"]
[WhiteTeamCountry "FRA"]
[BlackTeamCountry "FRA"]

1. d4 g6 2. Bf4 Bg7 3. Nf3 d6 4. e3 Nd7 5. c3 e5 6. Bg3 Ne7 7. Be2 Nf5 8. 0-0 Nxg3 9. fxg3 0-0 10. Qb3 Qe7 11. Nbd2 Kh8 12. Bc4 c6 13. Rfe1 d5 14. Bxd5 cxd5 15. Qxd5 Nb6 16. Qe4 Bf5 17. Qh4 Bf6 18. Qh6 Bg7 19. Qh4 Qxh4 20. Nxh4 Be6 21. Nhf3 Rad8 22. Nb3 a6 23. Nc5 Bc8 24. Nd2 Rfe8 25. a4 Re7 26. a5 Nd7 27. Nxd7 Bxd7 28. Nc4 Bc6 29. Nb6 f5 30. Rad1 exd4 31. exd4 Be4 32. d5 Be5 33. Re2 Bc7 34. Nc4 Red7 35. Red2 Rxd5 36. Rxd5 Rxd5 37. Rxd5 Bxd5 38. Nb6 Bxb6+ 39. axb6 Kg7 40. Kf2 Kf6 41. Ke3 Bxg2 42. Kd4 Ke6 43. c4 g5 44. Ke3 Bc6 45. b3 Ke5 46. b4 f4+ 47. gxf4+ gxf4+ 48. Kf2 Kd4 0-1

[Event "FRA-chT U20 0304"]
[Site "France"]
[Date "2004.01.02"]
[Round "4"]
[White "Ane, Cedric"]
[Black "Hallope, Arnaud"]
[Result "0-1"]
[WhiteElo "1009"]
[BlackElo "1350"]
[PlyCount "54"]
[EventDate "2003.11.??"]
[EventType "team"]
[EventRounds "11"]
[EventCountry "FRA"]
[SourceTitle "EXT 2005"]
[Source "ChessBase"]
[SourceDate "2004.11.15"]
[SourceVersion "1"]
[SourceVersionDate "2004.11.15"]
[SourceQuality "1"]
[WhiteTeam "Clichy"]
[BlackTeam "Sautron"]
[WhiteTeamCountry "FRA"]
[BlackTeamCountry "FRA"]

1. e4 c6 2. Nc3 d5 3. exd5 cxd5 4. d4 Nc6 5. Nf3 Nf6 6. Bb5 Bg4 7. h3 Bh5 8. Qd3 e6 9. Ne5 Qb6 10. Nxc6 bxc6 11. Ba4 Bb4 12. 0-0 0-0 13. a3 Bd6 14. b4 Bg6 15. Qd2 e5 16. dxe5 Bxe5 17. Bb2 Rfe8 18. Rfe1 Rad8 19. Bb3 Ne4 20. Nxe4 Bxb2 21. Nc3 Bxa1 22. Rxa1 Be4 23. Nxe4 dxe4 24. Qf4 Rd7 25. Re1 Qc7 26. Rxe4 Rxe4 27. Qxe4 Rd1+ 0-1

[Event "FRA-chT U20 0304"]
[Site "France"]
[Date "2004.??.??"]
[Round "6"]
[White "Ane, Cedric"]
[Black "Peyre, Thomas"]
[Result "0-1"]
[WhiteElo "1009"]
[BlackElo "1550"]
[PlyCount "100"]
[EventDate "2003.11.??"]
[EventType "team"]
[EventRounds "11"]
[EventCountry "FRA"]
[SourceTitle "EXT 2005"]
[Source "ChessBase"]
[SourceDate "2004.11.15"]
[SourceVersion "1"]
[SourceVersionDate "2004.11.15"]
[SourceQuality "1"]
[WhiteTeam "Clichy"]
[BlackTeam "Guingamp"]
[WhiteTeamCountry "FRA"]
[BlackTeamCountry "FRA"]

1. e4 e6 2. d4 d5 3. e5 c5 4. c3 Nc6 5. Nf3 Qb6 6. Be2 cxd4 7. cxd4 Nge7 8. b3 Nf5 9. Be3 Bb4+ 10. Nbd2 Ncxd4 11. Nxd4 Nxd4 12. 0-0 Nxe2+ 13. Qxe2 Qd8 14. Qb5+ Qd7 15. Qxb4 b6 16. Qd6 Qxd6 17. exd6 Ba6 18. Rfc1 Kd7 19. Bf4 Rac8 20. Rxc8 Rxc8 21. Nf3 h6 22. Ne5+ Kxd6 23. Nxf7+ Ke7 24. Ne5 Rc2 25. h3 Re2 26. Nc6+ Kd7 27. Nxa7 g5 28. Bh2 Rc2 29. a4 Rb2 30. Nb5 Bxb5 31. axb5 Rxb3 32. g3 Rxb5 33. Ra7+ Ke8 34. Rh7 d4 35. Rxh6 Kf7 36. Rh7+ Ke8 37. Rc7 Rb1+ 38. Kg2 d3 39. Rc3 d2 40. Rd3 d1Q 41. Rxd1 Rxd1 42. Kf3 b5 43. g4 Rd5 44. Kg3 b4 45. h4 gxh4+ 46. Kxh4 b3 47. g5 b2 48. Bg3 b1Q 49. f4 Qf5 50. Kh5 Rd7 0-1

[Event "FRA-chT U20 0304"]
[Site "France"]
[Date "2004.??.??"]
[Round "6"]
[White "Guinard, Charline"]
[Black "Ane, Cedric"]
[Result "0-1"]
[WhiteElo "1060"]
[BlackElo "1009"]
[PlyCount "54"]
[EventDate "2003.11.??"]
[EventType "team"]
[EventRounds "11"]
[EventCountry "FRA"]
[SourceTitle "EXT 2005"]
[Source "ChessBase"]
[SourceDate "2004.11.15"]
[SourceVersion "1"]
[SourceVersionDate "2004.11.15"]
[SourceQuality "1"]
[WhiteTeam "Guingamp"]
[BlackTeam "Clichy"]
[WhiteTeamCountry "FRA"]
[BlackTeamCountry "FRA"]

1. e4 e5 2. Nf3 Nc6 3. Bc4 Nf6 4. Ng5 d5 5. Nxf7 Kxf7 6. exd5 Nxd5 7. Nc3 Nce7 8. d3 g6 9. Qe2 Bg7 10. Bg5 c6 11. Qe3 Re8 12. Qc5 b6 13. Qb4 Kf8 14. Nxd5 cxd5 15. Bxd5 Qxd5 16. 0-0 Bb7 17. Qg4 Kg8 18. c4 Qxd3 19. Rfd1 Qf5 20. Qh4 Qe4 21. Qg3 Nf5 22. Qh3 Qxc4 23. Rd7 Bc8 24. Rad1 Bxd7 25. Rxd7 Qxa2 26. Bf6 Qb1+ 27. Rd1 Qxd1# 0-1